000 05367cam a22018974i 4500
003 PE-LiUPU
005 20250813165937.0
008 150706s2012 spaa rb 001 0 spa d
020 _a8480869453
020 _a9788480869454
035 _a(Sirsi) i9788480869454
040 _aPE-LiUPU
_bspa
_cPE-LiUPU
_dPE-LiUPU
_erda
049 _aPRUA
082 0 4 _a610.73
_bR57
_221
100 1 _aRifà Ros, Rosa,
_eautor.
245 1 0 _aLenguaje NIC para el aprendizaje teórico-práctico en enfermería /
_cRosa Rifà Ros, Cristina Olivé Adrados, Monstserrat Lamoglia Puig.
264 1 _aBarcelona :
_bElsevier,
_c2012.
300 _a482 páginas :
_bilustraciones ;
_c23 centímetros.
336 _atext
_2rdacontent
337 _aunmediated
_2rdamedia
338 _avolume
_2rdacarrier
504 _aIncluye bibliografías e índice.
505 0 _aIntervenciones enfermeras relacionadas con los cuidados de salud básicos -- Intervenciones enfermeras relacionadas con los cuidados de las personas en situaciones de salud específicas: cuidados de las personas con procesos de salud agudos -- Intervenciones enfermeras relacionadas con los cuidados de las personas en situaciones de salud específicas: cuidado de las personas en situación crítica -- Intervenciones enfermeras relacionadas con los cuidados de las personas en situaciones de salud específicas: cuidados sobre la salud maternofilial -- Intervenciones enfermeras relacionadas con la gestión del entorno del usuario-paciente y del sistema sanitario.
526 _aP203
526 _aP200
526 _aSEG65
526 _aSEG64
526 _aSEG63
526 _aSEG62
526 _aSEG61
526 _aSEG60
526 _aSEG59
526 _aSEG58
526 _aSEG57
526 _aSEG56
526 _aSEG55
526 _aSEG54
526 _aSEG53
526 _aSEG52
526 _aSEG51
526 _aSEG50
526 _aSEG49
526 _aSEG48
526 _aSEG47
526 _aSEG46
526 _aSEG24
526 _aSEG23
526 _aSEG22
526 _aSEG21
526 _aSEG20
526 _aSEG19
526 _aSEG18
526 _aSEG17
526 _aSEG16
526 _aSEG14
526 _aSEG13
526 _aSEG12
526 _aSEG11
526 _aSEG10
526 _aSEG09
526 _aSEG06
526 _aSEG05
526 _aSEG04
526 _aSEG03
526 _aSEG02
526 _aSEG68
526 _aSEG66
526 _aSEG45
526 _aSEG25
526 _aSEG01
526 _aP163
526 _aP162
526 _aP161
526 _aP160
526 _aP159
526 _aP158
526 _aP157
526 _aP156
526 _aP155
526 _aP154
526 _aP153
526 _aP152
526 _aP151
526 _aP150
526 _aP149
526 _aP142
526 _aP141
526 _aP140
526 _aP139
526 _aP138
526 _aP137
526 _aP132
526 _aP131
526 _aP130
526 _aP126
526 _aP125
526 _aP124
526 _aP123
526 _aP115
526 _aP122
526 _aP121
526 _aP116
526 _a P114
526 _aP112
526 _aP111
526 _aP104
526 _aP103
526 _aP102
526 _aP101
526 _aP100
526 _aP96
526 _aP95
526 _aP93
526 _aP92
526 _aP91
526 _aP88
526 _aP83
526 _aP82
526 _aP79
526 _aP78
526 _aP75
526 _aP74
526 _aP71
526 _aP69
526 _a P51
526 _aP49
526 _aP48
526 _aP47
526 _aP33
526 _aP31
526 _a P30
526 _aP29
526 _aP27
526 _aP26
526 _aP25
526 _aP24
526 _a P22
526 _aP10
526 _aP09
526 _a P08
526 _aP06
526 _aP05
526 _aP04
526 _aP01
541 _g001-000094;
541 _g08-11009;
650 0 4 _aEnfermería basada en evidencia
_vManuales.
650 0 4 _aCuidados de enfermería
_xPlanificación
_vManuales.
650 0 4 _aAtención al enfermo
_vManuales.
650 0 4 _aEnfermería
_vManuales.
700 1 _aOlivé Adrados, Cristina,
_eautor.
700 1 _aLamoglia Puig, Montserrat,
_eautor.
910 _agl
_clch
_d20130905
942 _2ddc
_cBOOK
949 _aPGEN 610.73 R57
_wDEWEY
_c1
_i68353
_lCCODEBUL1
_mBUL
_p56.00
_r0
_sY
_tBOOK
_u2015-7-6
_xBIBLIOTECA
_PP69
_o.STAFF. Colección General
949 _a610.73 R57
_wDEWEY
_c1
_iFJ00579
_lCCODEBUJ1
_mBUJ
_p82.00
_r0
_sY
_tBOOK
_u2016-07-01
_xFCE
_PP04
_o.STAFF. Colección General Juliaca
994 _aC0
_bPEPRU
596 _a1 3
999 _aPGEN 610.73 R57
_wDEWEY
_c55753
_i68353
_d55753
_e2017-5-22
_f2021-11-3
_g5
_lCCODEBUL1
_mBUL
_n3
_p56.00
_q1
_r0
_sY
_tBOOK
_u2015-7-6
_xSALUD
_zP69
_0COMPRA
_o.STAFF. Colección Ciencias de la Salud
999 _a610.73 R57
_wDEWEY
_c1
_iFJ00579
_d2019-4-25
_e2017-6-14
_f2022-1-25
_g4
_lCCODEBUJ1
_mBUJ
_n4
_p82.00
_q11
_r0
_sY
_tBOOK
_u2016-7-1
_xFCE
_PP04
_0COMPRA
_o.STAFF. Colección General Juliaca
980 _81
_gALBERTO SANCHEZ Responsable de Automatización